000 00726nam a22002297a 4500
005 20170124110111.0
010 _aB-036152
020 _c140.00
_a8178050153
035 _aB-036152
037 _bCen Lib/Ret
040 _aDPL
_bEN
082 _a954
_bSPE
245 _aSpectrum's question bank Indian history /
_ccompiled by A.V.Lavaly Nath; edited by Kalpana Rajaram
260 _aNew Delhi
_bSpectrum India
_c2001
270 _aC2D-61A, Janakpuri
_e110058
_bNew Delhi
300 _aiii,263p. :
_c23cm(Hb)
_bill.
650 _aIndia--History
_924174
650 _aHistory question bank
_929149
700 _aNath, A.V.Lavaly
_9104534
700 _aKalpana Rajaram
_929151
942 _2ddc
_cEN
_h954
_mSPE
999 _c130415
_d130415